000
00241nam a22001097a 4500
999
_c
12637
_d
12637
020
_a
9788177588262
082
_a
011.64
100
_a
Alfred V. Aho
245
_a
Data Structures and Algorithms
260
_a
India
_b
Pearson
_c
2006
942
_c
BK